Propagácia malých a stredných podnikov prostredníctvom e-komunikačných nástrojov bakalárska práca

Salvato in:
Dettagli Bibliografici
Autore principale: Šipková, Jana
Ente Autore: Fakulta podnikového manažmentu EU. Katedra informačného manažmentu
Altri autori: Filanová, Jana, 1967-
Natura: Libro
Lingua:slovacco
Pubblicazione: Bratislava 2020
Tags: Aggiungi Tag
Nessun Tag, puoi essere il primo ad aggiungerne!!

MARC

LEADER 00000nbm a2200000 4500
001 0266179
005 20201126101728.7
041 0 |a slo 
044 |a SK 
245 1 0 |a Propagácia malých a stredných podnikov prostredníctvom e-komunikačných nástrojov  |b bakalárska práca  |c Jana Šipková ; školiteľ: Jana Filanová 
264 1 |a Bratislava  |c 2020 
300 |a 49 s. 
100 1 |a Šipková, Jana 
700 1 |a Filanová, Jana, 1967- 
710 2 |a Fakulta podnikového manažmentu EU. Katedra informačného manažmentu